00572nam a2200181Ia 4500003000900000008004100009040001600050080001600066100002400082245006800106260003500174300001000209650002800219650002900247942000700276999001500283952009200298IN-BaIIA211028s9999 xx 000 0 eng d cIIA Library a658.31bMUT aMuthuswamy, P97319 0aFundamental rules and supplementary rulesbpt. 1cP. Muthuswamy aMadrasbSwamy Publishersc1974 a388p. aFundamental Rules97714 aSuplementary Rules97715 cBK c4418d4418 00104070aBANbKODcGENd1974-06-22l0o658.31/ MUTp4934r2021-11-05w1974-06-22yBK